000 00373pab a2200157 454500
008 180718b2003 xxu||||| |||| 00| 0 eng d
100 _aHensman, Rohini
245 _aA strategy to stop the war
260 _c2003
300 _ap.1556-561.
362 _a19 Apr
650 _aUnited Nations
650 _aWar
773 _aEconomic and Political Weekly
909 _a56150
999 _c56150
_d56150